00533nam a2200181 a 4500008004100000020001800041050001500059100001500074245006100089250001200150260005700162300002100219350001000240500002800250650002000278650001700298650003600315160215s2011 ||||||||||||||||| || u a9789350251683 aRD 561 Mar aMarya, SKS10aKne replacement. (2nd ed.)cBy SKS Marya [and] R Thukral a2nd ed. aNew Delhi:bJaypee Brothers Medical publishersc2011 axvii,157p.: ill. a20.00 aaccompanied by a CD-ROM aARTIFICIAL KNEE aKNEE SURGERY aARTHROPLASTY, REPLACEMENT, KNEE